000 00214nam a22000857a 4500
008 170527b xxu||||| |||| 00| 0 eng d
100 _93146
_aMorris. L
245 _aThe Stars of a Light
260 _aLondon
_bBethancy
_c1994
999 _c6437
_d6437